Gray's anatomy for students

This book contains 1,000 of the original color illustrations along with 300 photographs and radiological images. Organization is by region, beginning with the back because it is often the initial area dissected by students and is somewhat less complicated than the regions that follow: thorax, abdome...

Full beskrivning

Sparad:
Bibliografiska uppgifter
Huvudupphovsman: Drake, Richard L.
Materialtyp: Bok
Språk:Undetermined
Publicerad: Philadelphia Elsevier/Churchill Livingstone 2005
Ämnen:
Taggar: Lägg till en tagg
Inga taggar, Lägg till första taggen!
Thư viện lưu trữ: Trung tâm Học liệu Trường Đại học Cần Thơ
LEADER 00965nam a2200205Ia 4500
001 CTU_126554
008 210402s9999 xx 000 0 und d
020 |c 73.87 
082 |a 611 
082 |b D763 
100 |a Drake, Richard L. 
245 0 |a Gray's anatomy for students 
245 0 |c Richard L. Drake, Wayne Vogl, Adam W. M. Mitchell 
260 |a Philadelphia 
260 |b Elsevier/Churchill Livingstone 
260 |c 2005 
520 |a This book contains 1,000 of the original color illustrations along with 300 photographs and radiological images. Organization is by region, beginning with the back because it is often the initial area dissected by students and is somewhat less complicated than the regions that follow: thorax, abdomen, pelvis and perineum, lower limb, upper limb, and head and neck. 
650 |a Human anatomy,Giải phẫu người 
904 |i Giang, Huỳnh Mai 
980 |a Trung tâm Học liệu Trường Đại học Cần Thơ